| 000 | 00767nam a2200193Ia 4500 | ||
|---|---|---|---|
| 003 | Ost | ||
| 005 | 20260507075647.0 | ||
| 008 | 260507s9999||||xx |||||||||||||| ||und|| | ||
| 040 | _cfsecg | ||
| 041 | _aara | ||
| 082 | _a658 | ||
| 100 |
_aزيارة، فريد فهمي _eمؤلف |
||
| 245 | 0 |
_aإدارة الأعمال : _bالأصول والمبادئ مدخل وظائف المدير / _c فريد فهمي زيارة |
|
| 260 |
_aعمان: _bمطبعة الشعب, _c2000 |
||
| 300 |
_a282 صفحة؛ _bإيضاحات ؛ _c24 سم |
||
| 520 | _aمنظمة الأعمال- تطور الفكر الإداري- إتخاذ القرار- التخطيط- التنظيم- القيادة- الرقابة. | ||
| 653 | _aإدارة الأعمال | ||
| 942 | _cكتاب | ||
| 999 |
_c45511 _d45511 |
||